Victorian poetry and fiction / (Record no. 81233)

MARC details
000 -LEADER
fixed length control field 00842nam a22002297a 4500
005 - DATE AND TIME OF LATEST TRANSACTION
control field 20140826170808.0
010 ## - LCCN (DPL NO)
LC control number ENG-108890
020 ## - INTERNATIONAL STANDARD BOOK NUMBER
International Standard Book Number 9789382816041
Terms of availability 1095.00
035 ## - SYSTEM CONTROL NUMBER
System control number EN-92423
035 ## - SYSTEM CONTROL NUMBER
System control number B-537627
037 ## - SOURCE OF ACQUISITION
Source of stock number/acquisition DBAD/PUB
037 ## - SOURCE OF ACQUISITION
Source of stock number/acquisition Mallika Books/Ven
Stock number dpl
082 ## - DEWEY DECIMAL CLASSIFICATION NUMBER
Classification number 881.145
100 ## - MAIN ENTRY--PERSONAL NAME
Personal name Miluwi, Joshua O.
245 ## - TITLE STATEMENT
Title Victorian poetry and fiction /
Statement of responsibility, etc by Joshua O. Miluwi [and] HIna Rashid
260 ## - PUBLICATION, DISTRIBUTION, ETC. (IMPRINT)
Place of publication, distribution, etc New Delhi
Name of publisher, distributor, etc Manglam Publishers and Distributors
Date of publication, distribution, etc 2013
270 ## - ADDRESS
Address L-21/1, Street No.5, Shivaji Marg, Near Kali Mandir, J.P. Nagar, Kartar Nagar , West Ghonda
City New Delhi
Postal code 110053
300 ## - PHYSICAL DESCRIPTION
Extent 345p.
Dimensions 23cm(Hb)
700 ## - ADDED ENTRY--PERSONAL NAME
Personal name Hina Rashid
942 ## - ADDED ENTRY ELEMENTS (KOHA)
Source of classification or shelving scheme Dewey Decimal Classification
Item type English Books
Call number suffix MIL
Classification part 881.145
Holdings
Withdrawn status Lost status Not for loan Collection code Home library Current library Date acquired Source of acquisition Cost, normal purchase price Full call number Barcode Copy number Cost, replacement price Koha item type
      Non-fiction Bawana Bawana 26/08/2014 Mallika Books/131/31.03.2014/147/25.03.2014/31.03.2014 1095.00 881.145 MIL B-537627 1 1095.00 English Books
    Not For Loan Non-fiction D.B.Act.Division D.B.Act.Division 18/12/2013 DBAD/PUB 1095.00 881.145 MIL EN-92423 1 1095.00 English Books

© Delhi Public Library
Hit Counter
free hit counter